Mäkké úvery od septembra Na oživenie podnikania a výroby je vyčlenených 600 miliónov korún
Projekt na oživenie podnikania, ktorý organizuje a realizuje Národná agentúra pre podporu malého a stredného podnikania v spolupráci s tromi peňažnými ústavmi. Celková suma 600 miliónov Sk, ktoré vyčlenila vláda SR a fond PHARE. Projekt "mäkkých" úverov je určený pre malých a stredných podnikateľov...
Saved in:
| Main Author: | |
|---|---|
| Format: | Book Chapter |
| Language: | Slovak |
| Subjects: | |
| Tags: |
No Tags, Be the first to tag this record!
|
MARC
| LEADER | 00000naa a2200000 4500 | ||
|---|---|---|---|
| 001 | r016015 | ||
| 005 | 20221213114126.0 | ||
| 041 | 0 | |a slo | |
| 044 | |a SK | ||
| 245 | 1 | 0 | |a Mäkké úvery od septembra |b Na oživenie podnikania a výroby je vyčlenených 600 miliónov korún |c Miroslav Kajan |
| 520 | |a Projekt na oživenie podnikania, ktorý organizuje a realizuje Národná agentúra pre podporu malého a stredného podnikania v spolupráci s tromi peňažnými ústavmi. Celková suma 600 miliónov Sk, ktoré vyčlenila vláda SR a fond PHARE. Projekt "mäkkých" úverov je určený pre malých a stredných podnikateľov v oblasti výroby a služieb. Podmienky poskytovania úverov, žiadosti o úver, posudzovanie podnikateľského zámeru Regionálnym poradenským a informačným centrom. Poskytovanie záruky na úver Slovenskou záručnou bankou. | ||
| 610 | 2 | 0 | |a úver |
| 610 | 2 | 0 | |a podnikanie |
| 610 | 2 | 0 | |a RPIC |
| 610 | 2 | 0 | |a NARMSP Bratislava |
| 610 | 2 | 0 | |a poradenstvo |
| 610 | 2 | 0 | |a podnik malý |
| 610 | 2 | 0 | |a podnik stredný |
| 100 | 1 | |a Kajan, Miroslav | |